A profile of Bangladesh rule by two queens / (Record no. 93505)

MARC details
000 -LEADER
fixed length control field 00647nam a22001937a 4500
005 - DATE AND TIME OF LATEST TRANSACTION
control field 20150615143511.0
010 ## - LCCN (DPL NO)
LC control number ENG-113010
020 ## - INTERNATIONAL STANDARD BOOK NUMBER
International Standard Book Number 9789385160264
Terms of availability 995.00
035 ## - SYSTEM CONTROL NUMBER
System control number EN-96542
037 ## - SOURCE OF ACQUISITION
Source of stock number/acquisition DBAD/PUB
082 ## - DEWEY DECIMAL CLASSIFICATION NUMBER
Classification number 306.095465
245 ## - TITLE STATEMENT
Title A profile of Bangladesh rule by two queens /
Statement of responsibility, etc edited by Sunjoy K. Singh
260 ## - PUBLICATION, DISTRIBUTION, ETC. (IMPRINT)
Place of publication, distribution, etc New Delhi
Name of publisher, distributor, etc Lenin Media
Date of publication, distribution, etc 2015
270 ## - ADDRESS
Address 202, IInd Floor, 4832/24, Prahlad Street, Ansari Road, Daryaganj
City New Delhi
Postal code 110002
300 ## - PHYSICAL DESCRIPTION
Extent 280p.
Dimensions 22cm(Hb)
500 ## - GENERAL NOTE
General note Includes bibliographical references and index
700 ## - ADDED ENTRY--PERSONAL NAME
Personal name Sunjoy K.Singh
942 ## - ADDED ENTRY ELEMENTS (KOHA)
Source of classification or shelving scheme Dewey Decimal Classification
Item type English Books
Call number suffix PRO
Classification part 306.095465
Holdings
Withdrawn status Lost status Not for loan Collection code Home library Current library Date acquired Source of acquisition Cost, normal purchase price Full call number Barcode Copy number Cost, replacement price Koha item type
    Not For Loan Non-fiction D.B.Act.Division D.B.Act.Division 12/05/2015 DBAD / PUB 995.00 306.095465 PRO EN-96542 1 995.00 English Books

© Delhi Public Library
Hit Counter
free hit counter